Statistics for List of Marvel Cinematic Universe Character Last Names

Click here to take the quiz!

General Stats

  • This quiz has been taken 645 times
  • The average score is 8 of 15

Answer Stats

HintAnswer% Correct
TonyStark
100%
PepperPotts
97%
BruceBanner
96%
NickFury
91%
NatashaRomanoff
85%
PhilCoulson
68%
SharonCarter
64%
PeterQuill
52%
ThaddeusRoss
41%
DaisyJohnson
24%
BrockRumlow
22%
LeopoldFitz
17%
ChristineEverheart
9%
JohnGarrett
9%
JackRollins
2%

Score Distribution

Percentile by Number Answered

Percent of People with Each Score

Your Score History

You have not taken this quiz